000 00751nam a2200265Ia 4500
005 20260302114214.0
008 008 260114s9999 xx 000 0 eng d
020 _a9781978738676
037 _aTextbook
040 _aCRL
040 _beng
040 _cCRL
041 _2eng
041 _aeng
084 _qCRL
100 _aMarjan Ivkovic, Adriana Zaharijevic & Gazela Pudar Draško
_91118073
245 0 _aViolence and Reflexivity The Place of Critique in the Reality of Domination
260 _bBloomsbury
260 _bLexington Books
260 _c2022
650 _aPhilosophy
856 _uhttps://doi.org/10.5040/9781978738676?locatt=label:secondary_bloomsburyCollections
942 _cEBOOK
999 _c1681716
_d1681716